[Event "Women's Speed Chess Q1"]
[Site "chess.com INT"]
[Date "2020.06.18"]
[Round "8"]
[White "Nguyen, Hong Anh"]
[Black "Rakhmangulova, Anastasiya"]
[Result "0-1"]
[WhiteTitle "WIM"]
[BlackTitle "WIM"]
[WhiteElo "1970"]
[BlackElo "2191"]
[WhiteFideId "12406732"]
[BlackFideId "14117479"]
[EventDate "2020.06.18"]

1. d4 d5 2. c4 c6 3. Nf3 Nf6 4. Qc2 dxc4 5. Qxc4 b5 6. Qc2 Bb7 7. g3 e6 8. Bg2
Nbd7 9. O-O c5 10. a4 a6 11. axb5 axb5 12. Rxa8 Qxa8 13. dxc5 Bxc5 14. Nc3 b4
15. Nb5 O-O 16. Bf4 Nd5 17. Bd6 Rc8 18. Qd3 Ba6 19. Ng5 g6 20. Qf3 N7f6 21. Bxc5
Rxc5 22. Nd4 Qc8 23. Bh3 Rc1 24. Ngxe6 Rxf1+ 25. Kxf1 Qc1+ 26. Kg2 Bb7 27. e4
Nxe4 28. Nd8 Ne3+ 29. fxe3 Nd2 30. Nxb7 Nxf3 31. Nxf3 Qc2+ 32. Kg1 Qc6 33. Nd4
Qxb7 34. b3 Qe4 35. Kf2 Qh1 36. Nf3 Qb1 37. Nd4 Qb2+ 38. Kg1 Qd2 0-1

[Event "Women's Speed Chess Q1"]
[Site "chess.com INT"]
[Date "2020.06.18"]
[Round "8"]
[White "Fernandez, Maria Florencia"]
[Black "Sukandar, Irine Kharisma"]
[Result "0-1"]
[WhiteTitle "WIM"]
[BlackTitle "IM"]
[WhiteElo "2229"]
[BlackElo "2413"]
[WhiteFideId "116459"]
[BlackFideId "7101937"]
[EventDate "2020.06.18"]

1. d4 Nf6 2. c4 c5 3. d5 b5 4. cxb5 a6 5. bxa6 g6 6. Nc3 Bxa6 7. e4 Bxf1 8. Kxf1
d6 9. Nf3 Bg7 10. g3 O-O 11. Kg2 Qb6 12. a4 Na6 13. Re1 Nc7 14. Ra3 Nd7 15. Qc2
Rfb8 16. Nd2 Qa6 17. f4 Rb4 18. b3 Nb6 19. a5 Nd7 20. Nc4 Bxc3 21. Qxc3 Nb5 22.
Qd3 Nxa3 23. Bxa3 Rb5 24. Bb2 Rab8 25. Na3 Qxa5 26. Nxb5 Qxe1 27. Bc3 Qc1 28. e5
dxe5 29. fxe5 Ra8 30. e6 Ra2+ 31. Kf3 Qh1+ 32. Kg4 f5+ 33. Kf4 Rf2+ 34. Kg5 Qc1+ 0-1

[Event "Women's Speed Chess Q1"]
[Site "chess.com INT"]
[Date "2020.06.18"]
[Round "8"]
[White "Harika, Dronavalli"]
[Black "Bodnaruk, Anastasia"]
[Result "1-0"]
[WhiteTitle "GM"]
[BlackTitle "IM"]
[WhiteElo "2515"]
[BlackElo "2411"]
[WhiteFideId "5015197"]
[BlackFideId "4181751"]
[EventDate "2020.06.18"]

1. e4 c5 2. Nf3 d6 3. Bb5+ Bd7 4. Bxd7+ Qxd7 5. c4 Nf6 6. Nc3 g6 7. d4 cxd4 8.
Nxd4 Bg7 9. f3 Nc6 10. Be3 O-O 11. Rc1 Rac8 12. b3 e6 13. O-O d5 14. exd5 exd5
15. c5 Ne5 16. Ndb5 b6 17. cxb6 axb6 18. Bd4 Rfe8 19. a4 Rc6 20. Qd2 Rce6 21.
Rcd1 h5 22. Bf2 Rd8 23. Bh4 Qc8 24. Kh1 Kh7 25. Bg5 d4 26. Nxd4 Red6 27. Ncb5
Rd5 28. Qe2 Qd7 29. Rde1 Ne8 30. Bxd8 Qxd8 31. f4 Ng4 32. Nc6 Qh4 33. g3 Qh3 34.
Ne5 Bxe5 35. fxe5 Rxe5 36. Qg2 Qxg2+ 37. Kxg2 Rxe1 38. Rxe1 Ng7 39. Re7 Kg8 40.
Rb7 1-0

[Event "Women's Speed Chess Q1"]
[Site "chess.com INT"]
[Date "2020.06.18"]
[Round "8"]
[White "Efimenko, Maria"]
[Black "Shukhman, Anna"]
[Result "1-0"]
[WhiteTitle "WIM"]
[BlackTitle "WCM"]
[WhiteElo "2245"]
[BlackElo "1866"]
[WhiteFideId "14124327"]
[BlackFideId "54180058"]
[EventDate "2020.06.18"]

1. e4 c5 2. c3 Nf6 3. e5 Nd5 4. d4 cxd4 5. cxd4 d6 6. Nf3 Nc6 7. Bc4 Nb6 8. Bb5
Bd7 9. O-O Nxe5 10. Bxd7+ Nexd7 11. Nc3 e6 12. d5 e5 13. Bg5 Be7 14. h4 h6 15.
Bxe7 Qxe7 16. a4 O-O 17. a5 Nc8 18. a6 Nc5 19. axb7 Qxb7 20. Qe2 Ne7 21. Rfd1
Rab8 22. Ra2 Rfc8 23. h5 Nb3 24. Qa6 Nf5 25. Qxa7 Nfd4 26. Nd2 Nxd2 27. Rxd2 Qb3
28. Qe7 Nb5 29. Nxb5 Qxa2 30. Nxd6 Rf8 31. Qxe5 Qa5 32. Rc2 Qa1+ 33. Kh2 Qd1 34.
Rc7 Qb3 35. Nf5 f6 36. Qe7 Qg3+ 37. fxg3 1-0

[Event "Women's Speed Chess Q1"]
[Site "chess.com INT"]
[Date "2020.06.18"]
[Round "8"]
[White "Lee, Dariya"]
[Black "Nikulina, Alena"]
[Result "0-1"]
[WhiteTitle "WCM"]
[BlackTitle "WFM"]
[WhiteElo "1523"]
[BlackElo "1887"]
[WhiteFideId "13801651"]
[BlackFideId "4172051"]
[EventDate "2020.06.18"]

1. c4 c5 2. Nc3 Nc6 3. g3 g6 4. Bg2 Bg7 5. Nf3 d6 6. O-O Nf6 7. d3 O-O 8. a3 a6
9. Bd2 h6 10. Rb1 Rb8 11. b4 Nd4 12. bxc5 dxc5 13. Bf4 Ra8 14. Qd2 Kh7 15. Na4
Nd7 16. Nxd4 cxd4 17. c5 e5 18. Bxe5 Bxe5 19. f4 Bg7 20. c6 bxc6 21. Bxc6 Rb8
22. Rxb8 Nxb8 23. Bg2 Bd7 24. Nc5 Bc6 25. Bxc6 Nxc6 26. Nxa6 Qd6 27. a4 Ra8 28.
a5 Rxa6 29. Qa2 Rxa5 30. Qxf7 Rf5 31. Qc4 Qd5 32. Qc2 g5 33. fxg5 Rxf1+ 34. Kxf1
Qh1+ 35. Kf2 Qxh2+ 36. Ke1 Qxg3+ 37. Kd1 Qg1+ 38. Kd2 Qxg5+ 39. Kd1 Nb4 40. Qc4
Qg1+ 41. Kd2 Qe3+ 42. Kd1 Qe7 43. Kd2 Bf6 44. Qb5 Qe3+ 45. Kd1 Qg1+ 46. Kd2 Bg5+
47. e3 Bxe3+ 48. Ke2 Qf2+ 49. Kd1 Qd2# 0-1

[Event "Women's Speed Chess Q1"]
[Site "chess.com INT"]
[Date "2020.06.18"]
[Round "8"]
[White "Mammadova, Gulnar"]
[Black "Eswaran, Ashritha"]
[Result "1-0"]
[WhiteTitle "IM"]
[BlackTitle "WIM"]
[WhiteElo "2382"]
[BlackElo "2244"]
[WhiteFideId "13403508"]
[BlackFideId "2080788"]
[EventDate "2020.06.18"]

1. e4 c5 2. Nf3 a6 3. b3 Nc6 4. Bb2 d6 5. d4 cxd4 6. Nxd4 Nxd4 7. Qxd4 Nf6 8. c4
e5 9. Qd3 Be6 10. Be2 Be7 11. O-O O-O 12. Nc3 Rc8 13. f4 exf4 14. Rxf4 Qb6+ 15.
Kh1 Nd7 16. Raf1 Ne5 17. Qg3 f6 18. Nd5 Bxd5 19. exd5 Rce8 20. Bg4 Nxg4 21. Qxg4
Bd8 22. h4 Qe3 23. h5 h6 24. Bc1 Qe2 25. Qg3 Qxh5+ 26. Rh4 Qe2 27. Rg1 Kh7 28.
Qxd6 Be7 29. Qh2 Kg8 30. d6 Bd8 31. Bxh6 gxh6 32. Rxh6 Qg4 33. Rh8+ Kf7 34. Qh7+
Qg7 35. Qh5+ Ke6 36. Qd5+ Kd7 37. Qxb7+ Kxd6 38. Rd1+ Ke5 39. Rh5+ 1-0

[Event "Women's Speed Chess Q1"]
[Site "chess.com INT"]
[Date "2020.06.18"]
[Round "8"]
[White "Bivol, Alina"]
[Black "Gaponenko, Inna"]
[Result "1-0"]
[WhiteTitle "WGM"]
[BlackTitle "IM"]
[WhiteElo "2386"]
[BlackElo "2396"]
[WhiteFideId "4100123"]
[BlackFideId "14101181"]
[EventDate "2020.06.18"]

1. Nf3 g6 2. d4 Bg7 3. g3 d6 4. c4 Nd7 5. Bg2 e5 6. O-O Ne7 7. Nc3 O-O 8. e4
exd4 9. Nxd4 Nc6 10. Be3 Nde5 11. b3 Nxd4 12. Bxd4 c5 13. Bxe5 Bxe5 14. Rc1 Be6
15. f4 Bd4+ 16. Kh1 Qd7 17. Nb5 Bg4 18. Qd2 Bg7 19. Qxd6 a6 20. Qxd7 Bxd7 21.
Nd6 b6 22. e5 Rab8 23. Rfd1 Bg4 24. Rd2 f6 25. Bd5+ Kh8 26. Nf7+ Rxf7 27. Bxf7
fxe5 28. fxe5 Bh6 29. Rcc2 Bf3+ 30. Kg1 Be3+ 31. Kf1 Rf8 32. e6 Bg4 33. Rd6 b5
34. Kg2 Bg5 35. Rd7 Kg7 36. Rf2 Rb8 37. h3 Bf5 38. g4 Be4+ 39. Kh2 Bh4 40. Rf4
Bc6 41. Rc7 Bg5 42. Rf1 Rb6 43. Be8+ Kh6 44. Bxc6 bxc4 45. e7 Bxe7 46. Rxe7 Rxc6
47. bxc4 Rd6 48. Re5 Rd2+ 49. Kg3 Rxa2 50. Rxc5 a5 51. Rf7 a4 52. g5+ 1-0

[Event "Women's Speed Chess Q1"]
[Site "chess.com INT"]
[Date "2020.06.18"]
[Round "8"]
[White "Aakanksha, Hagawane"]
[Black "Shafigullina, Zarina"]
[Result "1-0"]
[WhiteTitle "WIM"]
[BlackTitle "WFM"]
[WhiteElo "2238"]
[BlackElo "2296"]
[WhiteFideId "25014510"]
[BlackFideId "24174220"]
[EventDate "2020.06.18"]

1. e4 c5 2. Nf3 Nc6 3. d4 cxd4 4. Nxd4 Nf6 5. Nc3 e5 6. Ndb5 d6 7. Bg5 a6 8. Na3
b5 9. Nd5 Be7 10. Bxf6 Bxf6 11. c3 Bg5 12. Be2 Rb8 13. Nc2 O-O 14. O-O Be6 15.
a4 bxa4 16. Rxa4 a5 17. b4 axb4 18. Ncxb4 Nxb4 19. Rxb4 Rc8 20. c4 Kh8 21. Qd3
f5 22. exf5 Bxf5 23. Qb3 Be6 24. Rd1 Qe8 25. Rb7 Qg6 26. Qg3 Rf7 27. Rxf7 Bxf7
28. h4 Bd8 29. Qxg6 Bxg6 30. g3 Bc2 31. Rc1 Be4 32. Rd1 Bc2 33. Ra1 h6 34. Ra6
e4 35. Rxd6 Bd3 36. Bg4 Rb8 37. c5 Ba5 38. c6 Rb1+ 39. Kh2 Rb2 40. Kg2 Be1 41.
Rd8+ Kh7 42. Rf8 g6 43. c7 Ba6 44. c8=Q Bxc8 45. Bxc8 Kg7 46. Rf4 Rc2 47. Be6 g5
48. Rf7+ Kg6 49. Ne7+ Kh5 50. Kh3 1-0

[Event "Women's Speed Chess Q1"]
[Site "chess.com INT"]
[Date "2020.06.18"]
[Round "8"]
[White "Zhuravleva, Olga"]
[Black "Babiy, Olga"]
[Result "1-0"]
[WhiteTitle "WIM"]
[BlackTitle "WGM"]
[WhiteElo "2278"]
[BlackElo "2228"]
[WhiteFideId "4145933"]
[BlackFideId "14117258"]
[EventDate "2020.06.18"]

1. e4 c6 2. Nf3 d5 3. Nc3 dxe4 4. Nxe4 Nf6 5. Ng3 h5 6. h3 e6 7. d4 Bd6 8. Bd3
Nbd7 9. O-O Qc7 10. Ne4 Nxe4 11. Bxe4 Nf6 12. Bd3 Bd7 13. Qe2 O-O-O 14. Ne5 Be8
15. Re1 Be7 16. Bf4 Nd5 17. Bg3 Qb6 18. c3 g5 19. Nc4 Qb5 20. Nd6+ Bxd6 21. Bxb5
Bxg3 22. fxg3 cxb5 23. Rac1 Bc6 24. b3 Ne7 25. Qe3 Rhg8 26. g4 hxg4 27. hxg4 Nd5
28. Qe5 Nf4 29. Rc2 Nd3 30. Qe3 Nxe1 31. Qxe1 Kd7 32. Rf2 Ke7 33. Qe5 Be8 34.
Qc5+ Rd6 35. Qxa7 Bc6 36. Qc5 Rf8 37. Qxg5+ f6 38. Qf4 Rdd8 39. c4 bxc4 40. bxc4
Rd7 41. Re2 Kf7 42. Qe3 Re7 43. d5 Bd7 44. Qh6 e5 45. Rf2 Ke8 46. Rxf6 Rxf6 47.
Qxf6 Ba4 48. g5 e4 49. Kf2 e3+ 50. Ke1 e2 51. g6 Bd1 52. g7 1-0

[Event "Women's Speed Chess Q1"]
[Site "chess.com INT"]
[Date "2020.06.18"]
[Round "8"]
[White "Shvedova, Alexandra"]
[Black "Toncheva, Nadya"]
[Result "0-1"]
[WhiteTitle "WFM"]
[BlackTitle "WFM"]
[WhiteElo "1994"]
[BlackElo "2064"]
[WhiteFideId "54154782"]
[BlackFideId "2924056"]
[EventDate "2020.06.18"]

1. e4 c5 2. Nf3 e6 3. d4 cxd4 4. Nxd4 a6 5. Nc3 Qc7 6. Qf3 Nf6 7. Qg3 Qxg3 8.
hxg3 h6 9. f3 Bc5 10. Be3 d6 11. Kf2 Nbd7 12. g4 O-O 13. Nb3 Bxe3+ 14. Kxe3 b5
15. a3 Bb7 16. Na5 Rab8 17. Rd1 Ne8 18. Be2 Ba8 19. Rh2 Nb6 20. Rdh1 Rc8 21. g5
Kh7 22. gxh6 g6 23. Rd1 f5 24. f4 fxe4 25. g4 Nd5+ 26. Nxd5 Bxd5 27. c3 Nf6 28.
g5 Ng8 29. Bg4 Rc7 30. Rhd2 Ne7 31. Rd4 Nf5+ 32. Bxf5 Rxf5 33. R4d2 Rcf7 34. Rf2
Rf8 35. Rd4 R8f7 36. c4 bxc4 37. Nxc4 Bxc4 38. Rxc4 d5 39. Rc6 e5 40. Rxa6 exf4+
41. Kd4 e3 42. Rf3 Re7 43. Rf1 e2 44. Re1 f3 45. Rf6 f2 46. Rxf5 gxf5 0-1

[Event "Women's Speed Chess Q1"]
[Site "chess.com INT"]
[Date "2020.06.18"]
[Round "8"]
[White "Zhukova, Natalia"]
[Black "Kanyamarala, Trisha"]
[Result "1-0"]
[WhiteTitle "GM"]
[BlackTitle "WIM"]
[WhiteElo "2328"]
[BlackElo "2193"]
[WhiteFideId "14101513"]
[BlackFideId "45004722"]
[EventDate "2020.06.18"]

1. c4 e5 2. Nc3 Nf6 3. Nf3 d6 4. d4 exd4 5. Nxd4 Be7 6. e4 O-O 7. Be2 Nbd7 8.
O-O Nc5 9. f3 c6 10. Be3 d5 11. cxd5 cxd5 12. e5 Nfd7 13. f4 Nb6 14. b3 f6 15.
Rc1 Ne4 16. Nxe4 dxe4 17. Nb5 Bf5 18. Nd6 Bxd6 19. exd6 Rc8 20. Qd2 Qd7 21. a4
Be6 22. Bb5 Qf7 23. Bxb6 axb6 24. f5 Bxb3 25. Rxc8 Rxc8 26. d7 Rd8 27. Rc1 Qe7
28. Rc8 Bf7 29. Qe3 Rf8 30. Qd4 Rd8 31. Qd6 Kf8 32. Rxd8+ 1-0

[Event "Women's Speed Chess Q1"]
[Site "chess.com INT"]
[Date "2020.06.18"]
[Round "8"]
[White "Daulyte-Cornette, Deimante"]
[Black "Kubicka, Anna"]
[Result "0-1"]
[WhiteTitle "IM"]
[BlackTitle "WIM"]
[WhiteElo "2400"]
[BlackElo "2256"]
[WhiteFideId "12802859"]
[BlackFideId "1152254"]
[EventDate "2020.06.18"]

1. e4 c5 2. Nc3 a6 3. g3 b5 4. Bg2 Bb7 5. Nge2 e6 6. d4 cxd4 7. Nxd4 Nc6 8. O-O
Bc5 9. Nxc6 Bxc6 10. Qg4 g6 11. e5 Bxg2 12. Kxg2 d5 13. exd6 Qxd6 14. Rd1 Qc6+
15. Qf3 Qxf3+ 16. Kxf3 Nf6 17. Bh6 Bf8 18. Bxf8 Kxf8 19. a4 b4 20. Ne4 Nxe4 21.
Kxe4 Ke7 22. Rd4 Rac8 23. Rc1 a5 24. c4 bxc3 25. bxc3 Rc5 26. c4 Rb8 27. Kd3 Rb4
28. Ra1 Rb3+ 29. Kc2 Rf3 30. Rf1 Ra3 31. Rfd1 Rxa4 32. Kb3 Rb4+ 33. Kc3 Rb7 34.
Ra1 e5 35. Rd5 Rxd5 36. cxd5 Ra7 37. Kc4 Kd6 38. Ra4 Rc7+ 39. Kb5 Rc5+ 40. Kb6
Rxd5 41. Rc4 Ke6 42. Kc6 f5 43. Ra4 e4 44. h4 Ke5 45. Rc4 h6 46. Ra4 g5 47. hxg5
hxg5 48. Rc4 f4 49. gxf4+ gxf4 50. Rb4 axb4 0-1

[Event "Women's Speed Chess Q1"]
[Site "chess.com INT"]
[Date "2020.06.18"]
[Round "8"]
[White "Dauletova, Gulmira"]
[Black "Socko, Monika"]
[Result "0-1"]
[WhiteTitle "WIM"]
[BlackTitle "GM"]
[WhiteElo "2319"]
[BlackElo "2428"]
[WhiteFideId "13702971"]
[BlackFideId "1106619"]
[EventDate "2020.06.18"]

1. e4 e6 2. d4 d5 3. Nd2 Be7 4. Bd3 c5 5. dxc5 Nf6 6. Ngf3 O-O 7. O-O Nc6 8. Qe2
Bxc5 9. e5 Nd7 10. Nb3 Be7 11. Bf4 Nb4 12. Nbd4 Nc5 13. a3 Nbxd3 14. cxd3 Bd7
15. Qe3 Qb6 16. b4 Na4 17. Bg5 Bxg5 18. Nxg5 h6 19. Nh3 Rac8 20. Nf4 Nc3 21.
Rfe1 Nb5 22. Nfe2 a5 23. bxa5 Qxa5 24. Qg3 Nxd4 25. Nxd4 Rc3 26. a4 Ra3 27. Rab1
Rxa4 28. Nf3 Rb4 29. d4 Rxb1 30. Rxb1 Rc8 31. h4 b5 32. h5 Qa2 33. Re1 b4 34.
Nh2 Qd2 35. Rf1 Rc3 36. Qg4 b3 37. Nf3 Qe2 38. Qf4 b2 39. Nd2 Rc2 40. Nb1 Bb5 0-1

[Event "Women's Speed Chess Q1"]
[Site "chess.com INT"]
[Date "2020.06.18"]
[Round "8"]
[White "Dordzhieva, Dinara"]
[Black "Voit, Daria"]
[Result "0-1"]
[WhiteTitle "WIM"]
[BlackTitle "WGM"]
[WhiteElo "2354"]
[BlackElo "2343"]
[WhiteFideId "24157570"]
[BlackFideId "4182146"]
[EventDate "2020.06.18"]

1. d4 Nf6 2. c4 e6 3. Nf3 b6 4. g3 Bb7 5. Bg2 Be7 6. O-O O-O 7. Qc2 c5 8. dxc5
bxc5 9. Nc3 d6 10. Bg5 Nbd7 11. Rfd1 a6 12. Bf4 Qb6 13. Na4 Qc7 14. Nc3 Rfd8 15.
Rd2 h6 16. Rad1 Ne8 17. Ne4 Nb6 18. h4 f5 19. Nc3 Nxc4 20. Rd3 Nb6 21. R3d2 e5
22. Be3 e4 23. Nh2 Nf6 24. g4 d5 25. g5 hxg5 26. hxg5 Nh7 27. g6 Nf8 28. Bh3 f4
29. Nxe4 fxe3 30. fxe3 dxe4 31. Nf1 Qc6 32. Bf5 Qf6 33. Bxe4 Bxe4 34. Qxe4 Qxg6+
35. Qxg6 Nxg6 36. Ng3 Rxd2 37. Rxd2 Rd8 38. Rc2 Rd1+ 39. Kf2 Nd5 40. Nf5 Kf7 41.
Nxe7 Ngxe7 42. Rxc5 Rd2 43. Ra5 Rxb2 44. Rxa6 Nb4 45. Rb6 Nd3+ 46. Kf3 Rxb6 0-1

[Event "Women's Speed Chess Q1"]
[Site "chess.com INT"]
[Date "2020.06.18"]
[Round "8"]
[White "Nithyalakshmi, Sivanesan"]
[Black "Antova, Gabriela"]
[Result "0-1"]
[WhiteTitle "WCM"]
[BlackTitle "FM"]
[WhiteElo "1945"]
[BlackElo "2255"]
[WhiteFideId "5706955"]
[BlackFideId "2915235"]
[EventDate "2020.06.18"]

1. d4 Nf6 2. c4 c5 3. d5 e6 4. Nc3 exd5 5. cxd5 d6 6. e4 g6 7. h3 Bg7 8. Nf3 O-O
9. Bd3 b5 10. Nxb5 Re8 11. Qc2 Nxd5 12. O-O Nb4 13. Qd1 a6 14. Nc3 Nxd3 15. Qxd3
Nc6 16. Rd1 Ne5 17. Nxe5 Bxe5 18. Nd5 Rb8 19. Rb1 f5 20. f3 Qh4 21. Be3 fxe4 22.
fxe4 Bxh3 23. Bf2 Qg4 24. Qxh3 Qxe4 25. b3 Rb7 26. Qf3 Qc2 27. Qd3 Qxa2 28. Nf6+
Bxf6 29. Qd5+ Rf7 30. Qxd6 Ree7 31. Qxc5 Re2 32. Rf1 Be7 33. Qb6 Rfxf2 34. Rxf2
Qxb1+ 35. Kh2 Rxf2 36. Qxf2 Qf5 37. Qd4 Qf6 38. Qd5+ Kg7 39. Kg1 Qd6 40. Qe4 Bf6
41. Qc4 Qd4+ 42. Qxd4 Bxd4+ 0-1

[Event "Women's Speed Chess Q1"]
[Site "chess.com INT"]
[Date "2020.06.18"]
[Round "8"]
[White "Kiolbasa, Oliwia"]
[Black "Palmero Martinez, Rachel"]
[Result "1-0"]
[WhiteTitle "WIM"]
[BlackTitle "WFM"]
[WhiteElo "2160"]
[BlackElo "2099"]
[WhiteFideId "1154613"]
[BlackFideId "3516466"]
[EventDate "2020.06.18"]

1. e4 e5 2. Nf3 Nc6 3. Bb5 a6 4. Ba4 Nf6 5. O-O Be7 6. Re1 b5 7. Bb3 O-O 8. h3
Bb7 9. d3 d5 10. exd5 Nxd5 11. Nxe5 Nxe5 12. Rxe5 Bf6 13. Re1 Qd6 14. Nd2 Nf4
15. Ne4 Bxe4 16. Rxe4 Ng6 17. a4 Rae8 18. Qe2 Qc6 19. axb5 axb5 20. c3 h6 21.
Bd2 Re7 22. Rxe7 Nxe7 23. Qe4 Qd6 24. Bf4 Qd7 25. Ra7 Rd8 26. d4 Rc8 27. Bc2 Ng6
28. Bg3 b4 29. Qf5 Qd8 30. Bb3 Ne7 31. Qc5 bxc3 32. bxc3 Ra8 33. Qxc7 Qf8 34.
Rxa8 Qxa8 35. Qb8+ Qxb8 36. Bxb8 Nf5 37. Kf1 Kf8 38. Bc2 Ne7 39. Ke2 Nd5 40.
Bd6+ Ke8 41. Kd3 Kd7 42. Bg3 Kc6 43. Bb3 Bg5 44. Bxd5+ Kxd5 45. c4+ Kc6 46. Ke4
Bc1 47. Be5 g6 48. Bg7 h5 49. Ke5 1-0

[Event "Women's Speed Chess Q1"]
[Site "chess.com INT"]
[Date "2020.06.18"]
[Round "8"]
[White "Gvanceladze, Anna"]
[Black "Root, Alexey"]
[Result "1-0"]
[WhiteTitle "WFM"]
[BlackTitle "WIM"]
[WhiteElo "2254"]
[BlackElo "2025"]
[WhiteFideId "4113721"]
[BlackFideId "2004658"]
[EventDate "2020.06.18"]

1. Nf3 g6 2. g3 Bg7 3. Bg2 d6 4. d4 Nf6 5. O-O O-O 6. a4 Nc6 7. a5 e5 8. a6 e4
9. Ne1 bxa6 10. d5 Nb4 11. c4 c6 12. dxc6 Nxc6 13. Nc3 Bb7 14. Nxe4 Nxe4 15.
Bxe4 Qe7 16. Bg2 Ne5 17. Nd3 Bxg2 18. Kxg2 Nxc4 19. Qa4 d5 20. Re1 Rab8 21. Qxa6
Nxb2 22. Nxb2 Bxb2 23. Bxb2 Rxb2 24. Kg1 Re8 25. Qxa7 Qxa7 26. Rxa7 Rexe2 27.
Rxe2 Rxe2 28. Rd7 Rd2 29. Kf1 Kf8 30. Ke1 Rd4 31. Ke2 Ke8 32. Ra7 Re4+ 33. Kd3
Re7 34. Ra8+ Kd7 35. Ra6 Re6 36. Ra7+ Ke8 37. Ra5 Rd6 38. Kd4 Ke7 39. Rxd5 Ke6
40. Rxd6+ Kxd6 41. h4 h5 42. Ke4 Ke6 43. Kf4 Kf6 44. f3 Kg7 45. Ke5 Kg8 46. Kf6
Kf8 47. f4 Kg8 48. f5 gxf5 49. Kxf5 Kg7 50. Kg5 Kh7 51. Kxh5 Kg7 52. Kg5 Kh7 53.
Kf6 Kg8 54. g4 Kf8 55. g5 Kg8 56. h5 Kf8 57. g6 fxg6 58. hxg6 Kg8 59. g7 Kh7 60.
Kf7 Kh6 61. g8=Q Kh5 62. Kf6 1-0

[Event "Women's Speed Chess Q1"]
[Site "chess.com INT"]
[Date "2020.06.18"]
[Round "8"]
[White "Sakorenko, Adriana"]
[Black "Hng, Mei-En Emmanuelle"]
[Result "0-1"]
[WhiteTitle "WFM"]
[BlackTitle "WFM"]
[WhiteElo "2216"]
[BlackElo "2029"]
[WhiteFideId "34130249"]
[BlackFideId "5804566"]
[EventDate "2020.06.18"]

1. Nf3 c5 2. e3 Nc6 3. b3 Nf6 4. Bb2 e6 5. Be2 Be7 6. O-O O-O 7. d4 b6 8. c4
cxd4 9. Nxd4 Bb7 10. Bf3 d5 11. Nc3 Ne5 12. cxd5 Nxf3+ 13. Qxf3 Nxd5 14. Nxd5
Bxd5 15. e4 Bb7 16. Rfd1 Qe8 17. Qg3 Bf6 18. e5 Be7 19. Rac1 Rc8 20. a4 a6 21.
Ne2 Rxc1 22. Bxc1 Kh8 23. Nf4 Qc6 24. Nh5 Rg8 25. Bf4 Qc2 26. Rc1 Qe2 27. h4
Qxh5 28. Rc7 Bxh4 29. Qh3 Bd5 30. Kh2 g5 31. Bd2 g4 32. Qd3 Bxf2+ 0-1

[Event "Women's Speed Chess Q1"]
[Site "chess.com INT"]
[Date "2020.06.18"]
[Round "8"]
[White "Sihite, Chelsie Monica Ignesias"]
[Black "De Seroux, Camille"]
[Result "1/2-1/2"]
[WhiteTitle "WIM"]
[BlackTitle "WIM"]
[WhiteElo "2252"]
[BlackElo "2137"]
[WhiteFideId "7101198"]
[BlackFideId "1305620"]
[EventDate "2020.06.18"]

1. c4 c5 2. Nc3 Nc6 3. g3 g6 4. Bg2 Bg7 5. Nf3 e6 6. O-O Nge7 7. e3 Nf5 8. b3
O-O 9. Bb2 a6 10. a3 b5 11. Qc2 Rb8 12. Rab1 d5 13. cxd5 exd5 14. g4 Nh4 15.
Nxh4 Qxh4 16. Nxd5 Bxg4 17. Bxg7 Kxg7 18. Qxc5 Rbc8 19. Qd6 Bh3 20. Qg3 Qxg3 21.
fxg3 Bxg2 22. Kxg2 Rfd8 23. e4 f5 24. d3 Ne5 25. Rbd1 Rc2+ 26. Rf2 Rxf2+ 27.
Kxf2 fxe4 28. dxe4 Ng4+ 29. Kg1 Nf6 30. Rd4 Nxe4 31. Rxe4 Rxd5 32. Re7+ Kh6 33.
Ra7 Rd3 34. Rxa6 Rxb3 35. Kg2 Kg5 36. Rd6 h5 37. Rd4 Rxa3 38. Rd5+ Kf6 39. Rxb5
g5 40. Rb2 g4 41. h3 Kg6 42. hxg4 hxg4 43. Rb4 Kg5 44. Rb5+ Kg6 45. Rb2 Kg5 46.
Rf2 Kg6 47. Rf4 Kg5 48. Rf2 Rb3 49. Rc2 Ra3 50. Rb2 Kg6 51. Kf2 Kg5 52. Kg2 Rf3
53. Rb5+ Kg6 54. Rb8 Ra3 55. Rg8+ Kf5 56. Rf8+ Kg5 57. Rf2 1/2-1/2

[Event "Women's Speed Chess Q1"]
[Site "chess.com INT"]
[Date "2020.06.18"]
[Round "8"]
[White "Mikheeva, Galina"]
[Black "Swati, Mohota"]
[Result "1-0"]
[WhiteTitle "WFM"]
[BlackTitle "WFM"]
[WhiteElo "1901"]
[BlackElo "2027"]
[WhiteFideId "44108320"]
[BlackFideId "5006511"]
[EventDate "2020.06.18"]

1. e4 d5 2. exd5 Qxd5 3. Nc3 Qa5 4. Bc4 Nf6 5. d3 c6 6. Bd2 Qc7 7. Qe2 Nbd7 8.
Nf3 Nb6 9. Bb3 Bg4 10. Bxf7+ Kxf7 11. Ne5+ Kg8 12. Nxg4 Qd7 13. Ne5 Qe6 14. O-O
g6 15. f4 Nbd7 16. Nxd7 Qxd7 17. Rae1 Re8 18. Qe5 Bg7 19. Qe6+ Qxe6 20. Rxe6 Kf7
21. Rfe1 Nd7 22. R6e2 Bd4+ 23. Kf1 Rhf8 24. Ne4 Bxb2 25. Ng5+ Kg8 26. Rxe7 Rxe7
27. Rxe7 Bf6 28. Rxd7 Bxg5 29. g3 h5 30. Kg2 Bf6 31. Rxb7 Bd4 32. Rc7 Rf6 33. c3
Bb6 34. Rc8+ Kf7 35. Kf3 Rd6 36. d4 Re6 37. Be3 Ke7 38. h3 Kd7 39. Rg8 Kc7 40.
g4 Kb7 41. gxh5 gxh5 42. f5 Rf6 43. Ke4 1-0

[Event "Women's Speed Chess Q1"]
[Site "chess.com INT"]
[Date "2020.06.18"]
[Round "8"]
[White "Sharmin, Samiha Shimmi"]
[Black "Tarleva, Vira"]
[Result "1-0"]
[WhiteTitle "WCM"]
[BlackTitle "WFM"]
[WhiteElo "1812"]
[BlackElo "2030"]
[WhiteFideId "10203087"]
[BlackFideId "14116693"]
[EventDate "2020.06.18"]

1. e4 c5 2. Nf3 d6 3. d4 cxd4 4. Nxd4 Nf6 5. Nc3 Nc6 6. Bc4 e6 7. Be3 Be7 8. Bb3
O-O 9. O-O a6 10. f4 Qc7 11. Kh1 Nxd4 12. Bxd4 e5 13. Be3 exf4 14. Rxf4 Be6 15.
Qf3 Nd7 16. Rf1 Ne5 17. Qg3 Ng6 18. R4f2 Bh4 19. Qf3 Bxf2 20. Rxf2 Ne5 21. Qg3
Ng4 22. Rf3 Nxe3 23. Rxe3 Bxb3 24. axb3 Kh8 25. Qh4 h6 26. g4 d5 27. g5 Qe7 28.
Nxd5 Qe5 29. gxh6 g5 30. Qh5 Rad8 31. Qf3 Rfe8 32. Nf6 Re6 33. Ng4 1-0

[Event "Women's Speed Chess Q1"]
[Site "chess.com INT"]
[Date "2020.06.18"]
[Round "8"]
[White "Bulmaga, Irina"]
[Black "Ning, Kaiyu"]
[Result "0-1"]
[WhiteTitle "IM"]
[BlackTitle "WIM"]
[WhiteElo "2440"]
[BlackElo "2327"]
[WhiteFideId "13903063"]
[BlackFideId "8614750"]
[EventDate "2020.06.18"]

1. e4 e6 2. d4 d5 3. Nc3 Nf6 4. Bg5 dxe4 5. Nxe4 Be7 6. Bxf6 gxf6 7. Qd2 a6 8.
O-O-O b5 9. Kb1 Bb7 10. Nc3 Qd6 11. Nge2 Nd7 12. Ng3 f5 13. d5 b4 14. dxe6 Qxd2
15. Rxd2 fxe6 16. Nce2 O-O-O 17. f3 Nc5 18. Rxd8+ Rxd8 19. Nc1 Bf6 20. Bc4 Bd5
21. Bb3 Bxb3 22. axb3 Rd2 23. Nge2 Nxb3 24. Nxb3 Rxe2 25. g4 Rg2 26. h3 Rf2 27.
Re1 e5 28. Re3 f4 29. Rd3 Rh2 30. Nc5 Rxh3 31. Ne4 Be7 32. Ka2 Rh2 33. Kb3 Re2
34. c3 a5 35. cxb4 Bxb4 36. Nf6 h6 37. Ne4 Kb7 38. Nf6 c6 39. Ng8 Kb6 40. Rd8
Kb5 41. Rb8+ Kc5 42. Nxh6 Re3+ 43. Kc2 Rxf3 44. g5 Rg3 45. Nf7 e4 46. Re8 e3 47.
Kd3 Bd2 48. Re5+ Kb6 49. Re6 f3 50. Ne5 Rxg5 51. Nxf3 Rd5+ 0-1